KOPOLYMÉRY AKRYLNITRILU A AKRYLÁTU NA IZOLOVANIE VODIČOV

Podrobná bibliografia
Hlavný autor: Ertl, T. (Autor)
Médium: Článok
Jazyk:slovenčina

MARC

LEADER 00000nab a2200000 a 4500
001 vtls010703835
003 SK-MaSNL
005 20260304195032.0
008 250709s1958 xo |||||||||||||||||slo|
035 |a (urnnbn)urn:nbn:sk:snk:ar-a03wlv 
035 |a (uuid)1a17385b-9757-4d9a-bfdc-86059e281719 
035 |a urn:nbn:sk:snk-ab38r4 
040 |a SNKBUCL  |b slo  |c SNKBUCL  |e AACR2 
041 0 |a slo 
044 |a xo  |c SK 
100 1 |a Ertl, T.  |4 aut  |9 1528347 
245 1 0 |a KOPOLYMÉRY AKRYLNITRILU A AKRYLÁTU NA IZOLOVANIE VODIČOV  |c T. Ertl 
773 0 |t Bulletin VÚKI  |g Roč. 11, č. 2 (1958), s. 89-90 
850 |a Slovenská národná knižnica 
852 |a Slovenská národná knižnica 
958 |a article1 
958 |a OND 
999 |c 3078672  |d 3080602